000 00656nam a22002297a 4500
003 UA-OsUOA
001 86921
007 ta
008 20120912b un ||||| |||| 00| 0 ukr d
100 _aДирзен И.
090 _a821.182.2
_bД47
942 _cBK
040 _aUA-OsUOA
_brus
_cUA-OsUOA
_dUA-OsUOA
245 _aЭпическое искусство Томаса Манна. Мировоззрение и жизнь
300 _a301 с.
955 _a1
041 _arus
080 _a821.182.2
260 _aМ.
_bПрогресс
_c1981
650 7 _a82 Література. Літературознавство
_2UDC
999 _c373112
_d373112